True or False - Solar System - Statistics

General Stats
  • This quiz has been taken 305 times
    253 since last reset
  • The average score is 10 of 15
Answer Stats
Question Answer % Correct
Jupiter has the storm named “The Great Red Spot” True
91%
Pluto is still a planet. False
86%
Jupiter has the largest moon. True
80%
4 planets are rocky, and 4 planets are made out of gas. True
75%
Mercury is the hottest planet. False
73%
Mars is a livable planet. False
73%
The sun is yellow. False
73%
Uranus is the coldest planet. True
73%
Uranus and Venus both rotate sideways. False
70%
Both of the moons of Mars are irregularly shaped. True
70%
Over 1 million Earths can fit into the sun. True
70%
Uranus used to be called “Georgium Sidus” True
68%
Jupiter is the most massive object in the Solar System. False
45%
Venus has the largest volcano. False
43%
Ceres is a dwarf planet found in the Kuiper Belt. False
36%
No matching quizzes found
Score Distribution
Percent of People with Each Score
Percentile by Number Answered
Your Score History
You have not taken this quiz since the last reset